000 00339nam a2200121Ia 4500
008 230724s1989 xx und d
020 _a9780000000000
041 _aeng
100 _aMUMFORD L.
245 _aTHE CITY IN HISTORY, ITS ORIGINS ITS TRANSFORMATION AND PROSPECTS.
260 _bHARCOURT PRIVATE LIMITED
_c1989
300 _a657
999 _c1175660
_d1175660